000 01214nam2a2200301 4500
001 v19\rc\1870322
005 20251118180459.6
035 _a(NLR Aleph) 004987943
090 _a6254750
_c6254750
100 _a20080221d1911 u y0rusy50 ca
101 1 _arus
_cger
102 _aRU
105 _ay z |||a|
200 1 _aЭмануэль Квинт
_eроман
_hкн. 2
_f...пер. Ал. Капелько
210 _d1911
215 _a[6], 293 с.
461 0 _1001v19\rc\1870320
_12001#$aПолное собрание сочинений$e[перевод]$fГергарт Гауптман$vТ. 2
_1700#1$aГауптман$bГ.$f1862-1946$gГерхарт$3RU\NLR\AUTH\7751671
_96254732
_aГауптман, Г. (1862-1946)
_cМосква
_d1910-1912
_fГергарт Гауптман
_nВ. М. Саблин
_o[перевод]
_tПолное собрание сочинений
_vТ. 2
801 0 _aRU
_bNLR
_gpsbo
801 0 _aRU
_bRuMoRGB
_2psbo
801 1 _aRU
_bProSoft-M
_2rusmarc
852 _aNLR
_j38.77.5.76(2)
852 _aNLR
_jЛ60 Б-3/112(2)
899 _aБАН
899 _aНБ МГУ
899 _aRuMoRGB
_jU 59/304
942 _cBOOK
980 _aNB